00611 2200217 4500001002100000005001500021035002000036245007400056100002600130250001000156300003400166264003800200336002100238337002000259338002200279082001100301084001700312600001000329008004100339990001300380INLIS00000000000191220240813092915 a0010-08240000061 aThe Perfect (Shit) Boss :bNever Love Someone Like I Do /cPipit Chie0 aPipit ChieePengarang aCet.2 a320 hlm :bIlus ;c13 x 19 cm aJakarta :bPipit Publisher,c2019 2rdacontentaTeks 2rdamediaaCetak 2rdacarrieraCetak a899.21 a899.21 PIP t 4aNovel240813 0  a24000021